[Event "Open Hotel Caravel A"]
[Site "Nago-Torbole ITA"]
[Date "2010.12.27"]
[Round "4"]
[White "Careri, Massimiliano"]
[Black "Simmon, Norbert"]
[Result "0-1"]
[WhiteElo "1631"]
[BlackElo "1865"]
[PlyCount "72"]
[EventDate "2010.12.26"]

1. e4 c5 2. c3 d5 3. e5 Nc6 4. d4 Bf5 5. Bd3 Bxd3 6. Qxd3 e6 7. Nf3 Rc8 8. O-O
Qb6 9. Qe2 cxd4 10. cxd4 Nge7 11. Nc3 Nf5 12. Be3 Be7 13. Rac1 Qd8 14. Qb5 Qd7
15. Ne2 O-O 16. Qb3 Na5 17. Qd3 Nxe3 18. Qxe3 b5 19. Ng5 Nc4 20. Qg3 Bxg5 21.
Qxg5 Nxb2 22. Nf4 h6 23. Qg4 Rxc1 24. Rxc1 Rc8 25. Rf1 Kh7 26. Nh5 Rg8 27. f4
Nc4 28. Qe2 Qe7 29. f5 Qh4 30. Rf4 Qg5 31. fxe6 fxe6 32. Rf7 Ne3 33. Rxa7 Nxg2
34. h4 Nxh4+ 35. Kf1 Rf8+ 36. Ke1 Qc1+ 0-1

[Event "Open Hotel Caravel A"]
[Site "Nago-Torbole ITA"]
[Date "2010.12.27"]
[Round "4"]
[White "D'Amato, Piergiorgio"]
[Black "De Vita, Gianni"]
[Result "0-1"]
[WhiteElo "1866"]
[BlackElo "2106"]
[PlyCount "34"]
[EventDate "2010.12.26"]

1. e4 e6 2. f4 d5 3. e5 c5 4. Nf3 Nc6 5. c3 Bd7 6. Na3 a6 7. Nc2 Nge7 8. d4 Nf5
9. Bd3 g6 10. O-O cxd4 11. cxd4 Qb6 12. Be2 Be7 13. Rb1 Rc8 14. Be3 Nb4 15.
Nfe1 Nxc2 16. Nxc2 Rxc2 17. Qxc2 Nxe3 0-1

[Event "Open Hotel Caravel A"]
[Site "Nago-Torbole ITA"]
[Date "2010.12.27"]
[Round "4"]
[White "De Nisi, Roberta"]
[Black "Dalponte, Dino"]
[Result "1-0"]
[WhiteElo "1925"]
[BlackElo "2141"]
[PlyCount "117"]
[EventDate "2010.12.26"]

1. d4 d5 2. c4 e6 3. Nc3 f5 4. Nf3 c6 5. Bg5 Nf6 6. e3 Bd6 7. cxd5 exd5 8. Qc2
h6 9. Bxf6 Qxf6 10. Nxd5 Qd8 11. Nc3 Be6 12. Bd3 Qf6 13. O-O O-O 14. b3 Nd7 15.
Bc4 Nb6 16. Bxe6+ Qxe6 17. Rfe1 Nd5 18. a3 Rae8 19. Na4 Qg6 20. b4 a6 21. Nc5
Rf7 22. Rac1 Bb8 23. Nd3 Rfe7 24. Nde5 Qf6 25. Qc4 Kh7 26. a4 Bxe5 27. Nxe5 Nc7
28. Qd3 Rd8 29. Qb1 g6 30. h3 Rd6 31. Rc4 Qe6 32. Rec1 Qf6 33. Nd3 Qe6 34. Nf4
Qf6 35. Qc2 h5 36. Rc5 Kh6 37. Nd3 Rd8 38. Re5 Rxe5 39. Nxe5 f4 40. Qc4 fxe3
41. Nf7+ Kg7 42. Nxd8 exf2+ 43. Kf1 Nd5 44. Qe2 Qxd8 45. Qe5+ Kh6 46. Rc2 Nxb4
47. Qe3+ Kg7 48. Rxf2 Qd6 49. Qb3 a5 50. Qf7+ Kh6 51. Qc4 b5 52. axb5 cxb5 53.
Qc1+ Kg7 54. Qc3 Qd5 55. Qc7+ Kh6 56. Qf4+ Kh7 57. Qf8 Qc4+ 58. Kg1 Qxd4 59.
Kh1 1-0

[Event "Open Hotel Caravel A"]
[Site "Nago-Torbole ITA"]
[Date "2010.12.27"]
[Round "4"]
[White "Facchetti, Lorenzo"]
[Black "Tortorella, Giancarlo"]
[Result "1/2-1/2"]
[WhiteElo "1843"]
[BlackElo "1796"]
[PlyCount "68"]
[EventDate "2010.12.26"]

1. d4 Nf6 2. c4 e5 3. dxe5 Ng4 4. Bf4 Bb4+ 5. Nc3 d6 6. Nf3 Nc6 7. exd6 Qf6 8.
Qd2 cxd6 9. e3 O-O 10. Be2 Nce5 11. O-O Bxc3 12. Qxc3 Nxf3+ 13. Bxf3 Qxc3 14.
bxc3 Ne5 15. Bd5 Rb8 16. c5 Re8 17. cxd6 Bd7 18. Rfd1 h5 19. h3 b6 20. Rac1
Rbc8 21. Bb7 Rc5 22. Bg3 Be6 23. Bxe5 Rxe5 24. Rd2 Rc5 25. a4 Rd8 26. Rd4 Rb8
27. d7 Rd8 28. Bc8 Kf8 29. Kf1 Ke7 30. Ke1 Bxd7 31. Bxd7 Rxd7 32. Rxd7+ Kxd7
33. Kd2 Ra5 34. Ra1 b5 1/2-1/2

[Event "Open Hotel Caravel A"]
[Site "Nago-Torbole ITA"]
[Date "2010.12.27"]
[Round "4"]
[White "Fragni, Enrico"]
[Black "Trento, Giacomo"]
[Result "0-1"]
[WhiteElo "1762"]
[BlackElo "1876"]
[PlyCount "72"]
[EventDate "2010.12.26"]

1. Nf3 d5 2. c3 c5 3. d3 Nc6 4. Bg5 Qb6 5. Qc2 e5 6. e4 d4 7. Nbd2 Be6 8. Be2
Nf6 9. O-O Be7 10. h3 O-O 11. Rfd1 Rac8 12. Nc4 Bxc4 13. dxc4 Rfe8 14. Bd3 h6
15. Bd2 Nd7 16. a3 a5 17. Rab1 Qc7 18. cxd4 cxd4 19. Qc1 Kh7 20. Nh2 Nc5 21.
Qc2 a4 22. Rf1 Bg5 23. f4 exf4 24. e5+ Nxd3 25. Qxd3+ g6 26. Nf3 Rcd8 27. Rbe1
Nxe5 28. Rxe5 Rxe5 29. h4 Re3 30. Bxe3 dxe3 31. Qc2 Qc5 32. Kh2 Bxh4 33. Nxh4
Qh5 34. Kh3 e2 35. Re1 Re8 36. g3 Re3 0-1

[Event "Open Hotel Caravel A"]
[Site "Nago-Torbole ITA"]
[Date "2010.12.27"]
[Round "4"]
[White "Gehrke, Rolf"]
[Black "Poletti, Fausto"]
[Result "1/2-1/2"]
[WhiteElo "2084"]
[BlackElo "1919"]
[PlyCount "68"]
[EventDate "2010.12.26"]

1. Nf3 c5 2. g3 Nc6 3. Bg2 g6 4. O-O Bg7 5. e3 d5 6. d4 cxd4 7. Nxd4 e6 8. c4
Nge7 9. Nc3 O-O 10. cxd5 Nxd4 11. exd4 Nxd5 12. Qb3 Ne7 13. Be3 Nf5 14. d5 Nxe3
15. fxe3 exd5 16. Nxd5 Be6 17. Rad1 Rb8 18. Qa3 Qg5 19. e4 a6 20. Qc5 Qe5 21.
b3 Kh8 22. Qe7 Bg4 23. Qxe5 Bxe5 24. Rc1 Kg7 25. h3 Bd7 26. g4 h6 27. Bf3 Rbc8
28. Kg2 Rxc1 29. Rxc1 Rc8 30. Rxc8 Bxc8 31. a4 Be6 32. Be2 Bxd5 33. exd5 Kf6
34. Bf3 Ke7 1/2-1/2

[Event "Open Hotel Caravel A"]
[Site "Nago-Torbole ITA"]
[Date "2010.12.27"]
[Round "4"]
[White "Giancotti, Eraldo"]
[Black "Dappiano, Andrea"]
[Result "1/2-1/2"]
[WhiteElo "2065"]
[BlackElo "2062"]
[PlyCount "87"]
[EventDate "2010.12.26"]

1. d4 d6 2. e4 Nf6 3. f3 e5 4. dxe5 dxe5 5. Qxd8+ Kxd8 6. Bc4 Be6 7. Bxe6 fxe6
8. Be3 Nc6 9. Nc3 Bb4 10. O-O-O+ Ke7 11. Nge2 Rhf8 12. a3 Bd6 13. Na4 Nh5 14.
c4 Nf4 15. Nxf4 exf4 16. Bf2 h6 17. Nc5 b6 18. Nd3 e5 19. c5 bxc5 20. Bxc5 a5
21. Rd2 Bxc5 22. Nxc5 Nd4 23. Kb1 Rfd8 24. Rhd1 Rd6 25. Nd3 Nc6 26. Nc5 Rad8
27. Kc1 Nd4 28. Kb1 Rb8 29. Nd3 Nc6 30. Rc2 Kd8 31. Rc5 Rb3 32. Rxc6 Rbxd3 33.
Rxd3 Rxd3 34. Rg6 Rd7 35. Kc2 Kc8 36. Re6 Rd6 37. Rxd6 cxd6 38. Kc3 g5 39. Kc4
a4 40. h3 h5 41. Kd5 Kd7 42. Kc4 Kc7 43. Kd5 Kd7 44. Kc4 1/2-1/2

[Event "Open Hotel Caravel A"]
[Site "Nago-Torbole ITA"]
[Date "2010.12.27"]
[Round "4"]
[White "Horn, Peter"]
[Black "Panjkovic, Aleksandar"]
[Result "1/2-1/2"]
[WhiteElo "2132"]
[BlackElo "2165"]
[PlyCount "65"]
[EventDate "2010.12.26"]

1. c4 e5 2. g3 d6 3. Bg2 f5 4. Nc3 Nf6 5. e3 Be7 6. Nge2 c6 7. d3 Na6 8. O-O
O-O 9. f4 Be6 10. Rb1 Qc7 11. b4 Rad8 12. h3 Qc8 13. Ba3 e4 14. Nd4 d5 15. c5
exd3 16. Qxd3 Ne4 17. Nce2 Bd7 18. Rfc1 Rf6 19. Kh2 Rh6 20. Rc2 Rf8 21. Rbc1
Nc7 22. Bb2 Qe8 23. Nf3 Qh5 24. Kg1 g5 25. Ne5 Bc8 26. a4 g4 27. h4 Bxh4 28.
gxh4 Qxh4 29. Nd4 Qh2+ 30. Kf1 Ng3+ 31. Kf2 Ne4+ 32. Kf1 Ng3+ 33. Kf2 1/2-1/2

[Event "Open Hotel Caravel A"]
[Site "Nago-Torbole ITA"]
[Date "2010.12.27"]
[Round "4"]
[White "Lezzerini, Marco"]
[Black "Zanin, Luca"]
[Result "1-0"]
[WhiteElo "1731"]
[BlackElo "1497"]
[PlyCount "21"]
[EventDate "2010.12.26"]

1. d4 d5 2. c4 c6 3. Nc3 Nf6 4. cxd5 cxd5 5. Bf4 a6 6. e3 Bf5 7. Qb3 Qd7 8. Na4
Qc6 9. Nb6 Bc2 10. Qb4 e6 11. Qa5 1-0

[Event "Open Hotel Caravel A"]
[Site "Nago-Torbole ITA"]
[Date "2010.12.27"]
[Round "4"]
[White "Mora, Massimo"]
[Black "Zanussi, Leandro"]
[Result "1-0"]
[WhiteElo "2014"]
[BlackElo "1677"]
[PlyCount "45"]
[EventDate "2010.12.26"]

1. Nf3 d5 2. c4 d4 3. d3 c5 4. g3 Nc6 5. Bg2 Nf6 6. O-O e5 7. Na3 Be7 8. Nc2
O-O 9. a3 Nd7 10. e3 f5 11. exd4 cxd4 12. Re1 Bf6 13. b4 Re8 14. Bb2 Nb6 15. a4
e4 16. dxe4 d3 17. Bxf6 dxc2 18. Qxd8 Nxd8 19. Bc3 Nxc4 20. Nd4 Nc6 21. Nxc2
fxe4 22. Bxe4 Bd7 23. Bd5+ 1-0

[Event "Open Hotel Caravel A"]
[Site "Nago-Torbole ITA"]
[Date "2010.12.27"]
[Round "4"]
[White "Pescatore, Lorenzo"]
[Black "De Santis, Alessio"]
[Result "1/2-1/2"]
[WhiteElo "1999"]
[BlackElo "2293"]
[PlyCount "137"]
[EventDate "2010.12.26"]

1. e4 b6 2. d4 Bb7 3. Bd3 Nf6 4. Qe2 Nc6 5. c3 e5 6. d5 Ne7 7. Nf3 Ng6 8. c4
Bc5 9. Nc3 O-O 10. O-O Re8 11. a3 a5 12. Na4 c6 13. Ne1 Bd4 14. Nc2 c5 15. Nc3
d6 16. Ne3 Nf4 17. Qd1 Bc8 18. Nf5 Bxf5 19. exf5 h5 20. Ne4 Nxd3 21. Qxd3 Nxe4
22. Qxe4 Qf6 23. h4 g6 24. fxg6 fxg6 25. Bg5 Qf5 26. Qxf5 gxf5 27. a4 Ra7 28.
Be3 Kf7 29. Ra3 Rb7 30. Rb3 Rg8 31. Kh2 f4 32. g3 Bxe3 33. fxe3 Rxg3 34. Rc3
Rg4 35. exf4 exf4 36. Rcf3 Rxh4+ 37. Rh3 Rg4 38. Rg3 Rh4+ 39. Rh3 Rg4 40. Rg3
Kf6 41. Rxg4 hxg4 42. Rxf4+ Kg5 43. Kg3 Re7 44. Rxg4+ Kf5 45. Rf4+ Ke5 46. Kf3
Rh7 47. Re4+ Kf5 48. Rf4+ Ke5 49. Re4+ Kf6 50. Re6+ Kf5 51. Rxd6 Rh3+ 52. Kg2
Rb3 53. Rh6 Rxb2+ 54. Kf3 Rb4 55. d6 Rxc4 56. d7 Rd4 57. Rxb6 Rd3+ 58. Ke2 Rxd7
59. Rb5 Rc7 60. Rxa5 Ke4 61. Ra8 Kd4 62. Kd2 Kc4 63. a5 Rh7 64. a6 Rh2+ 65. Kd1
Ra2 66. a7 Kc3 67. Rc8 Rxa7 68. Rxc5+ Kd3 69. Rd5+ 1/2-1/2

[Event "Open Hotel Caravel A"]
[Site "Nago-Torbole ITA"]
[Date "2010.12.27"]
[Round "4"]
[White "Sinner, Armin"]
[Black "Bisaro, Andrea"]
[Result "0-1"]
[WhiteElo "1515"]
[BlackElo "1742"]
[PlyCount "88"]
[EventDate "2010.12.26"]

1. f4 d5 2. Nf3 Bf5 3. e3 e6 4. b3 Nf6 5. Bb2 Nbd7 6. Be2 h6 7. O-O Bd6 8. h3
Qe7 9. Ne5 Bxe5 10. fxe5 Ne4 11. Qe1 Qg5 12. Kh2 h5 13. d3 Nec5 14. Qf2 Qg6 15.
Nd2 Qh6 16. Nf3 g5 17. Nd4 Bg6 18. Ba3 O-O-O 19. Rad1 Rdf8 20. b4 Na4 21. b5
Re8 22. Nf3 Nc3 23. Ra1 g4 24. Nh4 Nxe2 25. Qxe2 gxh3 26. Nxg6 Qxg6 27. gxh3
Rhg8 28. Rg1 Qf5 29. d4 Nb6 30. Raf1 Qh7 31. Rxg8 Rxg8 32. Qf2 Nc4 33. Be7 Qg6
34. Bh4 Nxe3 35. Rg1 Qxg1+ 36. Qxg1 Rxg1 37. Kxg1 Nxc2 38. Bf2 Nb4 39. a3 Nd3
40. Be3 Nb2 41. Kg2 c6 42. bxc6 bxc6 43. Kg3 Nc4 44. Bc1 Kd7 0-1

[Event "Open Hotel Caravel A"]
[Site "Nago-Torbole ITA"]
[Date "2010.12.27"]
[Round "4"]
[White "Trauth, Michael"]
[Black "Favre, Bruno"]
[Result "1-0"]
[WhiteElo "2197"]
[BlackElo "1964"]
[PlyCount "69"]
[EventDate "2010.12.26"]

1. Nf3 Nf6 2. c4 d6 3. g3 g6 4. Bg2 Bg7 5. Nc3 O-O 6. O-O c5 7. a3 Nc6 8. Rb1
a5 9. d3 h6 10. Bd2 Rb8 11. Nb5 e5 12. b4 axb4 13. axb4 b6 14. Qc1 Kh7 15. Ng5+
hxg5 16. Bxc6 g4 17. Nc3 Bd7 18. Bg2 Qe8 19. b5 Bc8 20. Ra1 Bb7 21. Bxb7 Rxb7
22. Ra6 Qe6 23. e4 Ng8 24. Nd5 Rfb8 25. Kg2 Ne7 26. Rh1 Nxd5 27. cxd5 Qd7 28.
Qc4 Rh8 29. h3 Kg8 30. Ra8+ Bf8 31. hxg4 Rxh1 32. Kxh1 Qxg4 33. Kg2 g5 34. Qa4
f6 35. Rxf8+ 1-0

[Event "Open Hotel Caravel A"]
[Site "Nago-Torbole ITA"]
[Date "2010.12.27"]
[Round "4"]
[White "Troidl, Thomas"]
[Black "De Vita, Igor"]
[Result "0-1"]
[WhiteElo "1915"]
[BlackElo "2078"]
[PlyCount "108"]
[EventDate "2010.12.26"]

1. e4 Nf6 2. Nc3 d5 3. exd5 Nxd5 4. Bc4 Nb6 5. Bb3 Nc6 6. Nf3 Bf5 7. d4 e6 8.
Be3 Be7 9. O-O O-O 10. Ne5 Nd5 11. g4 Bg6 12. Nxg6 fxg6 13. a3 Kh8 14. Ne4 Nf4
15. c3 Qd7 16. f3 Rad8 17. Bxf4 Rxf4 18. Qd2 e5 19. d5 Na5 20. Ba2 b6 21. Rae1
Nb7 22. Ng3 Bd6 23. Ne4 Be7 24. Qg2 Rdf8 25. Nd2 Bd6 26. Ne4 Qe7 27. b4 Nd8 28.
Re3 Nf7 29. Ng3 Qg5 30. Ne2 Rxg4 31. fxg4 Qxe3+ 32. Kh1 Qg5 33. c4 Qe7 34. Ng3
Ng5 35. h4 Rxf1+ 36. Nxf1 Nf7 37. g5 e4 38. Bb1 e3 39. Be4 Bf4 40. Bd3 h6 41.
gxh6 Ne5 42. hxg7+ Kxg7 43. Be2 Qxh4+ 44. Kg1 Nf7 45. Qf3 Ng5 46. Qg4 Qxg4+ 47.
Bxg4 Kf6 48. Kg2 Ke5 49. Nh2 Bxh2 50. Kxh2 Kd4 51. Be2 Ne4 52. Kg2 Nc3 53. Kf3
Nxe2 54. Kxe2 Kxc4 0-1

[Event "Open Hotel Caravel A"]
[Site "Nago-Torbole ITA"]
[Date "2010.12.27"]
[Round "4"]
[White "Viola, Enrico"]
[Black "Pivovarov, Michail"]
[Result "0-1"]
[WhiteElo "1713"]
[BlackElo "1869"]
[PlyCount "75"]
[EventDate "2010.12.26"]

1. d4 d5 2. c4 Nf6 3. Nc3 c6 4. Nf3 Bf5 5. cxd5 cxd5 6. Qb3 Bc8 7. Ne5 Nc6 8.
e3 e6 9. Bb5 Qc7 10. Bd2 a6 11. Qa4 Bd7 12. Nxd7 Qxd7 13. Rc1 Rc8 14. Be2 Bd6
15. Qd1 O-O 16. Bf3 b5 17. O-O Ne7 18. Qe2 Ng6 19. g3 Bb4 20. a3 Bxc3 21. Bxc3
Rc4 22. b3 Rc6 23. Bg2 Rfc8 24. Qb2 Ne4 25. Bxe4 dxe4 26. Ba5 Ne7 27. Bb4 Nd5
28. Bc5 f5 29. Qe2 Qf7 30. Rc2 e5 31. f3 exf3 32. Qxf3 e4 33. Qe2 Qe6 34. Rcc1
g6 35. b4 Nb6 36. Rf4 Qb3 37. Rh4 Nd5 38. Re1 0-1

[Event "Open Hotel Caravel A"]
[Site "Nago-Torbole ITA"]
[Date "2010.12.28"]
[Round "5"]
[White "Benaglia, Giovanni"]
[Black "Dalponte, Dino"]
[Result "1/2-1/2"]
[WhiteElo "1996"]
[BlackElo "2141"]
[PlyCount "48"]
[EventDate "2010.12.26"]

1. d4 f5 2. e4 e6 3. Nc3 fxe4 4. Nxe4 Nc6 5. Nf3 d5 6. Ng3 Nf6 7. c3 Qd6 8. Bd3
Bd7 9. Qe2 O-O-O 10. Ne5 Qe7 11. Bg5 Be8 12. O-O h6 13. Bd2 Nxe5 14. dxe5 Nd7
15. f4 g6 16. Qg4 h5 17. Qh3 Kb8 18. Rae1 Bg7 19. Ne2 Bf7 20. Nd4 c5 21. Nf3
Nb6 22. Qh4 Qe8 23. Qf2 Bf8 24. Be3 Rc8 1/2-1/2

[Event "Open Hotel Caravel A"]
[Site "Nago-Torbole ITA"]
[Date "2010.12.28"]
[Round "5"]
[White "Bisaro, Andrea"]
[Black "Troidl, Thomas"]
[Result "1-0"]
[WhiteElo "1742"]
[BlackElo "1915"]
[PlyCount "105"]
[EventDate "2010.12.26"]

1. d4 Nf6 2. c4 g6 3. Nc3 Bg7 4. e4 d6 5. Be2 O-O 6. g3 Nbd7 7. h4 e5 8. Bg5
exd4 9. Qxd4 h6 10. Bd2 Nc5 11. Qe3 Re8 12. f3 Nh5 13. Kf2 Ne6 14. Kg2 c6 15.
Rd1 Nd4 16. Qd3 Be6 17. g4 Nxe2 18. Ngxe2 Nf6 19. Nf4 Qb6 20. g5 Nd7 21. Nxe6
Rxe6 22. gxh6 Bh8 23. b3 Rd8 24. Be3 Qa5 25. Bd4 Ne5 26. Qc2 c5 27. Bxe5 Bxe5
28. Nd5 b5 29. f4 Bd4 30. f5 gxf5 31. exf5 Rxh6 32. Ne7+ Kh8 33. Rde1 bxc4 34.
bxc4 Bf6 35. Qe4 Qxa2+ 36. Re2 Qa3 37. Rh3 Qa1 38. Qf4 Rh7 39. Ng6+ fxg6 40.
fxg6 Rg7 41. h5 Qd4 42. Rf3 Qxf4 43. Rxf4 Bg5 44. Rf5 Bh6 45. Rf7 Rxf7 46. gxf7
Kg7 47. Re8 Kxf7 48. Rxd8 Ke6 49. Kf3 Ke5 50. Ke2 Kd4 51. Rxd6+ Kxc4 52. Rxh6
Kb3 53. Ra6 1-0

[Event "Open Hotel Caravel A"]
[Site "Nago-Torbole ITA"]
[Date "2010.12.28"]
[Round "5"]
[White "Careri, Massimiliano"]
[Black "Briffault, Philippe"]
[Result "1-0"]
[WhiteElo "1631"]
[BlackElo "1961"]
[PlyCount "169"]
[EventDate "2010.12.26"]

1. e4 Nf6 2. e5 Nd5 3. d4 d6 4. c4 Nb6 5. f4 Bf5 6. Nf3 Nc6 7. Bd3 Bg4 8. Be3
dxe5 9. d5 exf4 10. Bxb6 Bxf3 11. gxf3 axb6 12. dxc6 bxc6 13. Nc3 e6 14. Qe2
Bb4 15. O-O-O Bxc3 16. Be4 Qxd1+ 17. Qxd1 Rd8 18. Bxc6+ Ke7 19. Qb3 Bd2+ 20.
Kb1 Rd6 21. Qa3 Rhd8 22. Be4 Be3 23. Bc2 Kf6 24. Qc3+ e5 25. Qe1 g6 26. Qh4+
Kg7 27. Qe7 R8d7 28. Qxe5+ Kg8 29. Qe8+ Kg7 30. h4 h5 31. Re1 Rd8 32. Qe5+ Kg8
33. a3 c5 34. Qe7 R8d7 35. Qe8+ Kg7 36. Ba4 Rd8 37. Qe7 Rd2 38. Be8 R8d6 39.
Qxf7+ Kh8 40. Qf8+ Kh7 41. Qf7+ Kh8 42. Qf8+ Kh7 43. Bf7 Rd8 44. Qe7 R2d7 45.
Bxg6+ Kxg6 46. Qg5+ Kf7 47. Qxh5+ Kg8 48. Qg5+ Kh8 49. Qf6+ Kg8 50. Qg5+ Kh8
51. Rxe3 fxe3 52. Qxe3 Rd6 53. h5 Rf8 54. Qe5+ Rff6 55. f4 Kh7 56. Qg5 Rh6 57.
Qe7+ Kg8 58. f5 Rdf6 59. Qe5 Kf7 60. Qc7+ Kg8 61. Qg3+ Kf7 62. Qg4 Kf8 63. Kc2
Rd6 64. Kc3 Rhf6 65. b4 cxb4+ 66. axb4 Kf7 67. c5 bxc5 68. bxc5 Rc6 69. Kc4 Rh6
70. Kd5 Rhf6 71. Qf4 Rh6 72. Qf3 Rhf6 73. Qe3 Rh6 74. Qe2 Rhf6 75. Qf1 Rh6 76.
Qb5 Rcf6 77. Qd7+ Kg8 78. c6 Rxh5 79. Ke5 Rhxf5+ 80. Qxf5 Rxf5+ 81. Kxf5 Kf7
82. Ke5 Ke7 83. Kd5 Kd8 84. Kd6 Kc8 85. c7 1-0

[Event "Open Hotel Caravel A"]
[Site "Nago-Torbole ITA"]
[Date "2010.12.28"]
[Round "5"]
[White "Dappiano, Andrea"]
[Black "De Nisi, Roberta"]
[Result "1/2-1/2"]
[WhiteElo "2062"]
[BlackElo "1925"]
[PlyCount "171"]
[EventDate "2010.12.26"]

1. Nf3 d6 2. d3 g6 3. e4 Bg7 4. g3 c5 5. Bg2 Nc6 6. O-O Bg4 7. h3 Bxf3 8. Qxf3
e6 9. c3 Nge7 10. Bg5 Ne5 11. Qe2 h6 12. Be3 N5c6 13. f4 Rb8 14. a4 O-O 15. Nd2
a6 16. g4 Kh7 17. f5 Ng8 18. Rf2 b5 19. axb5 axb5 20. Raf1 Qe7 21. g5 f6 22.
fxg6+ Kxg6 23. gxh6 Bxh6 24. Qg4+ Kh7 25. Bxh6 Nxh6 26. Qh5 Qg7 27. e5 Nxe5 28.
Ne4 Nd7 29. Nxd6 f5 30. Re2 Rg8 31. Qf3 Nf8 32. Qc6 b4 33. Qxc5 bxc3 34. bxc3
Rb3 35. d4 Qg3 36. Qc7+ Rg7 37. Qd8 Nd7 38. Ne8 Rb8 39. Nf6+ Nxf6 40. Qxf6 Re8
41. c4 Qg6 42. Qxg6+ Rxg6 43. Rfe1 Reg8 44. Kh1 Nf7 45. c5 Nd8 46. c6 R8g7 47.
Rb1 Rc7 48. Rb8 Nxc6 49. Rc2 Nxb8 50. Rxc7+ Rg7 51. Rc8 Na6 52. Bf1 Nc7 53. Bc4
Kg6 54. Kg2 Kf6+ 55. Kf3 Rh7 56. Kg3 Rd7 57. h4 Nd5 58. Be2 Rg7+ 59. Kf2 Nf4
60. Bf3 Ng6 61. h5 Ne7 62. Rc7 Ng8 63. Rc6 Rd7 64. d5 Re7 65. Ke3 Ke5 66. d6
Rd7 67. Rc8 Nf6 68. Rf8 Rxd6 69. Rf7 Rd8 70. Rg7 Rh8 71. Rg5 Rb8 72. Be2 Rb3+
73. Bd3 Rb4 74. Be2 Nd5+ 75. Kf2 Kf4 76. Rg6 Ke5 77. Bf3 Nf4 78. Rg8 Rb2+ 79.
Kg3 Ne2+ 80. Bxe2 Rxe2 81. h6 Re3+ 82. Kg2 Re2+ 83. Kg3 Re3+ 84. Kg2 Re2+ 85.
Kh1 Re1+ 86. Kg2 1/2-1/2

[Event "Open Hotel Caravel A"]
[Site "Nago-Torbole ITA"]
[Date "2010.12.28"]
[Round "5"]
[White "De Santis, Alessio"]
[Black "Facchetti, Lorenzo"]
[Result "1-0"]
[WhiteElo "2293"]
[BlackElo "1843"]
[PlyCount "79"]
[EventDate "2010.12.26"]

1. d4 d5 2. c4 e6 3. Nc3 c6 4. Nf3 Nf6 5. g3 Nbd7 6. Bg2 Bd6 7. O-O O-O 8. Qc2
b6 9. Rd1 Bb7 10. e4 dxe4 11. Ng5 Be7 12. Ngxe4 Nxe4 13. Nxe4 Nf6 14. Nxf6+
Bxf6 15. Bf4 Qe7 16. c5 Rfd8 17. Bd6 Rxd6 18. cxd6 Qxd6 19. Rac1 Bxd4 20. Qa4
e5 21. Bxc6 Bxc6 22. Qxc6 Qxc6 23. Rxc6 Bxb2 24. Rd7 Bd4 25. Rxa7 Rf8 26. Rac7
g6 27. Kf1 Ra8 28. Rc8+ Rxc8 29. Rxc8+ Kg7 30. Rc6 Kf8 31. Rc7 Kg7 32. Ke2 Kf6
33. f3 Ke6 34. g4 Kf6 35. Kd3 Bg1 36. h3 h5 37. gxh5 gxh5 38. Ke4 Kg6 39. Rc8
f6 40. Rg8+ 1-0

[Event "Open Hotel Caravel A"]
[Site "Nago-Torbole ITA"]
[Date "2010.12.28"]
[Round "5"]
[White "De Vita, Gianni"]
[Black "Gehrke, Rolf"]
[Result "1/2-1/2"]
[WhiteElo "2106"]
[BlackElo "2084"]
[PlyCount "112"]
[EventDate "2010.12.26"]

1. c4 c5 2. Nf3 g6 3. g3 Bg7 4. Nc3 Nc6 5. Bg2 d6 6. O-O e6 7. d3 Nge7 8. Bf4
O-O 9. h3 a6 10. Qd2 e5 11. Bh6 f5 12. Bxg7 Kxg7 13. e3 h6 14. Rad1 Be6 15. b3
d5 16. d4 cxd4 17. exd4 e4 18. Ne1 Qa5 19. Qb2 b5 20. cxd5 Nxd5 21. Nxd5 Bxd5
22. Nc2 Ne7 23. Ne3 Rac8 24. Rc1 Kh7 25. Rc5 Qd8 26. Rfc1 Rxc5 27. dxc5 Qc8 28.
Qe5 Qe6 29. Qd6 Rc8 30. Rd1 Rc6 31. Qb8 Rc8 32. Qa7 Kg8 33. Bf1 Kf8 34. b4 g5
35. a3 f4 36. Nxd5 Nxd5 37. Qb7 Rc6 38. Qb8+ Kg7 39. Qd8 Nf6 40. Qd4 Rc7 41.
Qd6 Rc6 42. Qxe6 Rxe6 43. Rd8 fxg3 44. fxg3 e3 45. Be2 Ne4 46. Kg2 Rf6 47. Re8
Rf2+ 48. Kg1 Nxg3 49. Rxe3 Rxe2 50. Rxg3 Rc2 51. Rd3 a5 52. bxa5 Rxc5 53. a6
Rc4 54. Rd7+ Kg6 55. Rb7 Ra4 56. Rxb5 Rxa3 1/2-1/2

[Event "Open Hotel Caravel A"]
[Site "Nago-Torbole ITA"]
[Date "2010.12.28"]
[Round "5"]
[White "De Vita, Igor"]
[Black "Horn, Peter"]
[Result "1/2-1/2"]
[WhiteElo "2078"]
[BlackElo "2132"]
[PlyCount "38"]
[EventDate "2010.12.26"]

1. d4 g6 2. Bg5 Bg7 3. c3 c5 4. e3 d6 5. Bb5+ Nd7 6. Nd2 Ngf6 7. Bxf6 exf6 8.
dxc5 dxc5 9. Ne4 Qc7 10. Nd6+ Ke7 11. Nxc8+ Raxc8 12. Bxd7 Qxd7 13. Qxd7+ Kxd7
14. Ne2 f5 15. O-O-O+ Kc6 16. Rd2 Rhd8 17. Rhd1 Rxd2 18. Rxd2 Re8 19. Kc2 b5
1/2-1/2

[Event "Open Hotel Caravel A"]
[Site "Nago-Torbole ITA"]
[Date "2010.12.28"]
[Round "5"]
[White "Favre, Bruno"]
[Black "Bevilacqua, Maurizio"]
[Result "0-1"]
[WhiteElo "1964"]
[BlackElo "2156"]
[PlyCount "48"]
[EventDate "2010.12.26"]

1. d4 Nf6 2. Nf3 c5 3. c4 e6 4. Nc3 d5 5. cxd5 exd5 6. g3 Nc6 7. Bg2 Be7 8. O-O
h6 9. h3 O-O 10. Be3 cxd4 11. Nxd4 Re8 12. Qd2 Ne5 13. b3 Bb4 14. a3 Ba5 15. f3
Bd7 16. Bf2 Rc8 17. Rac1 a6 18. Rfd1 Qe7 19. b4 Bb6 20. Nb3 Bxf2+ 21. Kxf2 Bc6
22. Nd4 Nc4 23. Nxc6 bxc6 24. Qa2 Qa7+ 0-1

[Event "Open Hotel Caravel A"]
[Site "Nago-Torbole ITA"]
[Date "2010.12.28"]
[Round "5"]
[White "Fragni, Enrico"]
[Black "D'Amato, Piergiorgio"]
[Result "0-1"]
[WhiteElo "1762"]
[BlackElo "1866"]
[PlyCount "122"]
[EventDate "2010.12.26"]

1. Nf3 e6 2. e4 d5 3. d3 dxe4 4. dxe4 Qxd1+ 5. Kxd1 Bc5 6. Ke1 Nf6 7. Bd3 Nc6
8. c3 O-O 9. h3 Rd8 10. Ke2 h6 11. Bc2 b6 12. Bf4 Ne8 13. b4 Bd6 14. e5 Be7 15.
Be4 Bb7 16. Nbd2 Rab8 17. a4 f6 18. Nc4 Nd4+ 19. Nxd4 Bxe4 20. f3 Bd5 21. Ne3
fxe5 22. Bxe5 Bf6 23. Bxf6 Nxf6 24. Nxd5 exd5 25. Kf2 Rf8 26. Rhc1 c5 27. Ne6
Rfe8 28. Re1 cxb4 29. cxb4 Rbc8 30. Ra2 Rc4 31. Rb2 Kf7 32. Rbe2 Rxb4 33. g4 g5
34. a5 Rc4 35. axb6 axb6 36. Re5 d4 37. f4 gxf4 38. Nxf4 Rc2+ 39. Kf3 Rc3+ 40.
Kg2 Rxe5 41. Rxe5 d3 42. Kf2 d2 43. Ke2 Rc4 44. Rf5 Rd4 45. Kd1 Ke7 46. Ne2 Rd6
47. Nc3 Rd3 48. Ne4 Nd5 49. Re5+ Kd7 50. Rxd5+ Rxd5 51. Nf6+ Ke6 52. Nxd5 Kxd5
53. Kxd2 Ke5 54. Kc3 Kf4 55. Kc4 Kg3 56. Kb5 Kxh3 57. Kxb6 Kxg4 58. Kc5 h5 59.
Kd4 Kg3 60. Ke3 h4 61. Ke2 Kg2 0-1

[Event "Open Hotel Caravel A"]
[Site "Nago-Torbole ITA"]
[Date "2010.12.28"]
[Round "5"]
[White "Mora, Massimo"]
[Black "Giancotti, Eraldo"]
[Result "0-1"]
[WhiteElo "2014"]
[BlackElo "2065"]
[PlyCount "54"]
[EventDate "2010.12.26"]

1. e4 d5 2. exd5 Qxd5 3. Nf3 Bg4 4. Be2 Nc6 5. O-O O-O-O 6. d3 e5 7. Nc3 Qd7 8.
a3 f6 9. b4 h5 10. Ne4 g5 11. Be3 Qg7 12. Nfd2 Bf5 13. Ng3 Bg6 14. b5 Nd4 15.
Bxd4 Rxd4 16. Nde4 Kb8 17. f3 h4 18. Nh1 g4 19. c3 Rd8 20. d4 f5 21. Ng5 Qe7
22. Qd2 Bh6 23. f4 exf4 24. Nf3 gxf3 25. Bxf3 Qe3+ 26. Rf2 Nf6 27. Qb2 Ng4 0-1

[Event "Open Hotel Caravel A"]
[Site "Nago-Torbole ITA"]
[Date "2010.12.28"]
[Round "5"]
[White "Panjkovic, Aleksandar"]
[Black "Trauth, Michael"]
[Result "1/2-1/2"]
[WhiteElo "2165"]
[BlackElo "2197"]
[PlyCount "25"]
[EventDate "2010.12.26"]

1. c4 Nf6 2. g3 c5 3. Bg2 g6 4. Nc3 Bg7 5. e3 O-O 6. Nge2 Nc6 7. O-O d6 8. d4
Bf5 9. b3 Qc8 10. Re1 Nb4 11. e4 cxd4 12. Nxd4 Bh3 13. a3 1/2-1/2

[Event "Open Hotel Caravel A"]
[Site "Nago-Torbole ITA"]
[Date "2010.12.28"]
[Round "5"]
[White "Pivovarov, Michail"]
[Black "Lezzerini, Marco"]
[Result "0-1"]
[WhiteElo "1869"]
[BlackElo "1731"]
[PlyCount "50"]
[EventDate "2010.12.26"]

1. Nf3 Nf6 2. c4 g6 3. g3 Bg7 4. Nc3 O-O 5. Bg2 d6 6. d4 Nc6 7. O-O Bf5 8. Re1
Ne4 9. Be3 Nxc3 10. bxc3 Be4 11. Ng5 Bxg2 12. Kxg2 e5 13. h4 h6 14. Nh3 f5 15.
f4 Qf6 16. d5 Na5 17. Qa4 b6 18. Rac1 Rf7 19. Rf1 Qe7 20. Bg1 exf4 21. Nxf4
Qe4+ 22. Kh2 g5 23. hxg5 hxg5 24. Ne6 Be5 25. Nxg5 Qh4+ 0-1